| 000 | 00346nam a2200145Ia 4500 | ||
|---|---|---|---|
| 008 | 150201s2009 xx 000 0 und d | ||
| 082 |
_a6.6 _bHIL |
||
| 100 | _aHill, F.S. | ||
| 245 | _aComputer graphics : using OpenGL | ||
| 250 | _a3rd Ed. | ||
| 260 |
_bPearson _aN.Delhi _c2009 |
||
| 300 | _a786p. | ||
| 700 | _aKelley,S.M | ||
| 942 |
_2ddc _cBK _03 |
||
| 999 |
_c5476 _d5476 |
||